000 00703nam a2200265Ia 4500
001 3408
005 20240113233628.0
007 ta
008 050506s1990 a g b000 u asm u
020 _cPB
040 _aCotton College,Assam
041 _aasm
082 _a954.126
_bBh 469 Tr
100 _aBhuyan, S.K. .
245 0 _aTripura Buranji /
_cS.K.Bhuyan.
_hTextual Documents
250 _a3rd ed. /
260 _aGauhati :
_bHistorical And Antiquarian Studies ,
_c1990.
300 _a99P. :
_bill ;
_c21CM. .
500 _aBy Ratna Kandali And Arjun Das Kataki.
653 _aHistory-Assam
942 _2ddc
_cBK
999 _c3396
_d3396